Great books of the Western World
Guardat en:
| Autor principal: | |
|---|---|
| Format: | Llibre |
| Idioma: | Undetermined |
| Publicat: |
Chicago, Illinois
Encyclopedia Britannica
1990
|
| Matèries: | |
| Etiquetes: |
Afegir etiqueta
Sense etiquetes, Sigues el primer a etiquetar aquest registre!
|
| Thư viện lưu trữ: | Trung tâm Học liệu Trường Đại học Cần Thơ |
|---|
| LEADER | 00503nam a2200181Ia 4500 | ||
|---|---|---|---|
| 001 | CTU_74871 | ||
| 008 | 210402s9999 xx 000 0 und d | ||
| 082 | |a 030 | ||
| 082 | |b M149/T59 | ||
| 100 | |a Robert McHenry | ||
| 245 | 0 | |a Great books of the Western World | |
| 245 | 0 | |c Robert McHenry | |
| 260 | |a Chicago, Illinois | ||
| 260 | |b Encyclopedia Britannica | ||
| 260 | |c 1990 | ||
| 650 | |a encyclopedias and dictionaries | ||
| 904 | |i Minh | ||
| 980 | |a Trung tâm Học liệu Trường Đại học Cần Thơ | ||